00565 2200205 4500001002100000005001500021035002000036007000300056008004100059020002200100082001200122084001800134100002200152245008400174250001000258260003400268300002700302650002100329990000900350INLIS00000000000038620170927112456 a0010-0917000372ta170927 f 0 ind  a978-602-250-045-2 a297.122 a297.122 AZZ t0 aAzZuhaili, Wahbah1 aTafsir Al Wasith Jilid 3 :bAl Qashash - An Naas /cProf. Dr. Wahbah Az Zuhaili acet.1 aJakarta :bGema Insani,c2013 a912hlm ;c19 x 26.5 cm aTafsir Al Qur'an a4917